| 000 | 01842nam a22002657a 4500 | ||
|---|---|---|---|
| 003 | CO-CtgCURN | ||
| 005 | 20260311200136.0 | ||
| 008 | 250424b |||||||| |||| 00| 0 eng d | ||
| 020 | _a9786077743781 | ||
| 040 |
_aCO-CtgCURN _bspa _ccoctgcurn |
||
| 082 |
_a611.9 _bT67p |
||
| 100 | _aTortora, Gerard Jerry. | ||
| 245 |
_aPrincipios de anatomía y fisiología / _cGerard J. Tortora y Bryan Derrickson. |
||
| 250 | _a13a ed. | ||
| 260 |
_aBuenos Aires : _bMédica Panamericana, _c2013. |
||
| 300 |
_axxxii; 1222 p : _bil, color.: il., fot. |
||
| 500 | _aContiene apéndice, glosario e índice alfabético de materias. | ||
| 505 | _aIntroducción al cuerpo humano.--El nivel químico de la organización.--El nivel celular de organización.--El nivel tisular de organización.--El sistema tegumentario.--El sistema esquelético : El tejido óseo.--Sistema esquelético el esqueleto axial.--Sistema esquelético: Esqueleto apendicular.--Articulaciones.-- Tejido muscular.--Sistema muscular.--Tejido nervioso.--La médula espinal y los nervios espinales.--El encéfalo y los nervios craneales.--El sistema nervioso autónomo.--Sistemas sensitivo, motor e integrador.--Sentidos especiales.--Sistema endocrino.--Aparato cardiovascular: La sangre.--Aparato cardiovascular: El corazón.--El aparato circulatorio: Vasos sanguíneos y hemodinamia.--El sistema linfático y la inmunidad.--El aparato respiratorio.--El aparato digestivo.--Metabolismo y nutrición.--El aparato urinario.--Homeostasis hidroelectrolítica y del estado ácido-base.--Los aparatos reproductores.--Desarrollo y herencia | ||
| 590 | _aFisiología (Enfermería) | ||
| 590 | _aBioquímica (Odontología) | ||
| 650 | _aAnatomía humana. | ||
| 650 | _aFisiología humana. | ||
| 700 | _aDerrickson, Bryan. | ||
| 942 |
_2ddc _cBK _h611.9 _iT67p _n0 |
||
| 999 |
_c30923 _d30923 |
||